000 00850nam a2200253 i 4500
001 31202
003 BD-RjUL
005 20211209051654.0
008 140413s1958 enk b 00110 eng d
035 _a(BD-RjUL)31289
040 _aBD-RjUL
_beng
_cBD-RjUL
041 _aeng
082 0 4 _a200.1
_bSMR 1958
100 1 _aSmart, Ninian,
_d1927-
_994912
245 1 0 _aReasons and faiths :
_ban investigation of religious discourse, Christian and Non-Christian /
_cby Ninian Smart.
260 0 _aLondon :
_bRoutledge and Kegan Paul,
_c1958.
300 _a211 p. ;
_c22 cm.
504 _aBibliography: p. 204-205. and Index
650 0 _aReligion
_xPhilosophy.
_94031
650 0 _aFaith.
_994914
650 0 _aChristianity
_xPhilosophy.
_9266
942 _2ddc
_cBK
999 _c31202
_d31202